[Event "Renova FIDE GP Zug"]
[Site "Zug SUI"]
[Date "2013.04.18"]
[Round "1.2"]
[White "Mamedyarov,S"]
[Black "Ponomariov,R"]
[Result "1/2-1/2"]
[WhiteElo "2766"]
[BlackElo "2733"]

1.d4 d5 2.c4 e6 3.Nc3 Be7 4.Bf4 Nf6 5.Nf3 O-O 6.Qc2 c5 7.dxc5 Na6 8.e3 Nxc5
9.Be2 dxc4 10.Bxc4 a6 11.Rd1 Qa5 12.Ne5 Nce4 13.O-O Nxc3 14.bxc3 Qc5 15.Be2 Nd5
16.c4 Nxf4 17.exf4 b6 18.Qb3 Bd6 19.Bf3 Ra7 20.Rfe1 Rc7 21.g3 Bxe5 22.Rxe5 Qxc4
23.Qxb6 Rd7 24.Qb2 Rxd1+ 25.Bxd1 Rd8 26.Bf3 h6 27.Re1 Qb5 28.Rb1 Bd7 29.Be2 Qxb2
30.Rxb2 a5 31.f3 Bc6 32.Kf2 Bd5 33.a4 Kf8 34.Rb5 Ra8 35.Rc5 g5 36.fxg5 hxg5
37.f4 gxf4 38.gxf4 Kg7 39.h4 Bb3 40.Bb5 Rh8 41.Kg3 Kf6 42.Be2 Bxa4 43.Rxa5 Bc2
44.Bf3 Rg8+ 45.Kf2 Bf5 46.Ra8 Rxa8 47.Bxa8 Kg7 48.Kg3 f6 49.Bh1 e5 50.fxe5 fxe5
51.h5 Kh6 52.Bf3 Kg5 53.Kf2 Kf4 54.Bg2 Bh7 55.Bf3 Bb1 56.Bg2 Bc2 57.Bf3 Bd3
58.Bg2 Bf5 59.Bf3 Bh7 60.Bg2 Bb1 61.Bf3 Bh7 62.Bg2 Kg4 63.Bf3+ Kf4 64.Bg2 e4
65.Bf1 Bf5 66.Be2 e3+ 67.Ke1 Kg5 68.Bf3 Bd3 69.Be2 Bxe2 70.Kxe2 Kxh5 71.Kxe3  1/2-1/2

[Event "13th BCC Open 2013"]
[Site "Pattaya THA"]
[Date "2013.04.19"]
[Round "7.4"]
[White "Zhao Zong Yuan"]
[Black "Akesson,R"]
[Result "1-0"]
[WhiteElo "2537"]
[BlackElo "2462"]

1.Nf3 Nf6 2.c4 e6 3.Nc3 d5 4.d4 Be7 5.Bf4 O-O 6.e3 Nbd7 7.c5 Nh5 8.Be2 Nxf4
9.exf4 b6 10.b4 a5 11.a3 c6 12.O-O Qc7 13.g3 Bf6 14.Qc2 Ba6 15.Rab1 Bxe2
16.Nxe2 axb4 17.axb4 Ra3 18.Kg2 Rfa8 19.Nc1 R8a4 20.Nd3 bxc5 21.Nxc5 Nxc5
22.bxc5 g6 23.Rb6 Bxd4 24.Nxd4 Rxd4 25.Qb2 Rad3 26.Rb7 Qa5 27.Ra1 Qxc5 28.Ra8+ Kg7
29.Raa7 Qf8 30.Qe2  1-0

[Event "Cork Masters 2013"]
[Site "Cork IRL"]
[Date "2013.04.20"]
[Round "3.1"]
[White "Williams,Si1"]
[Black "Collins,S IRL"]
[Result "1-0"]
[WhiteElo "2511"]
[BlackElo "2483"]

1.d4 Nf6 2.c4 e6 3.Nf3 d5 4.Nc3 Be7 5.Bf4 O-O 6.e3 Nbd7 7.a3 c5 8.cxd5 Nxd5
9.Nxd5 exd5 10.dxc5 Nxc5 11.Be5 Bf6 12.Bxf6 Qxf6 13.Qd4 Qxd4 14.Nxd4 Bd7
15.f3 Rfe8 16.Kd2 Rad8 17.Bd3 Ne6 18.Rac1 Nxd4 19.exd4 Rc8 20.Rc5 Rxc5 21.dxc5 Rd8
22.b4 Kf8 23.Re1 h6 24.f4 b6 25.Rc1 bxc5 26.Rxc5 Be8 27.Rc7 Ra8 28.Kc3 a6
29.Kd4 Bb5 30.Bf5 a5 31.Rc5 axb4 32.Rxb5 bxa3 33.Rb1 Ra4+ 34.Ke5 a2 35.Ra1 f6+
36.Ke6 d4 37.Bd3 g5 38.fxg5 fxg5 39.Kd5 Kg7 40.Bc4 h5 41.Kxd4 g4 42.Rxa2 Rb4
43.Kc3 Rb1 44.g3 Rg1 45.Kd4 h4 46.gxh4 g3 47.hxg3 Rxg3 48.Be2 Rb3 49.h5 Rb6
50.Ke5 Rc6 51.Bf3 Rb6 52.Kf4 Rb4+ 53.Be4  1-0

[Event "77th ch-BUL 2013"]
[Site "Bankya BUL"]
[Date "2013.04.23"]
[Round "9.5"]
[White "Kozhuharov,S"]
[Black "Dimitrov,R"]
[Result "0-1"]
[WhiteElo "2467"]
[BlackElo "2420"]

1.c4 e6 2.Nf3 d5 3.d4 Nf6 4.Nc3 Be7 5.Bf4 a6 6.e3 dxc4 7.Bxc4 b5 8.Bd3 Bb7
9.O-O Nbd7 10.Qe2 c5 11.Rad1 Qb6 12.dxc5 Nxc5 13.Bc2 O-O 14.Ne5 Rfd8 15.h3 Rxd1
16.Rxd1 Rd8 17.a3 Rxd1+ 18.Qxd1 Qd8 19.Qxd8+ Bxd8 20.f3 Nd5 21.Nxd5 Bxd5
22.b4 Na4 23.e4 Bb6+ 24.Kf1 Ba2 25.Ke1 Bd4 26.Bxa4 bxa4 27.Nd3 Bc4 28.Be5 Be3
29.Bf4 Bd4 30.Be5 Bg1 31.Kd2 f6 32.Bc3 e5 33.g4 h5 34.Nc5 h4 35.Ke1 Bb5 36.g5 Kf7
37.gxf6 gxf6 38.Nb7 Ke7 39.Bb2 Be3 40.Na5 Kd7 41.Nb7 Ke7 42.Na5 Bd7 43.Nc4 Ba7
44.Ke2 Bxh3 45.Ne3 Be6  0-1

[Event "48th Capablanca Open I 2013"]
[Site "Havana CUB"]
[Date "2013.04.24"]
[Round "4.35"]
[White "Romero,N"]
[Black "Hernandez Gonzalez,W"]
[Result "0-1"]
[WhiteElo "2107"]
[BlackElo "2327"]

1.d4 Nf6 2.Nf3 d5 3.c4 e6 4.Nc3 Be7 5.Bf4 c6 6.e3 Nbd7 7.c5 Nh5 8.Be5 f6
9.Bg3 Nxg3 10.hxg3 f5 11.b4 O-O 12.Rb1 Qc7 13.Be2 e5 14.dxe5 Nxe5 15.Nd4 Bf6
16.Qc2 g6 17.O-O Nf7 18.a4 Ng5 19.b5 Ne6 20.Nb3 h5 21.Na2 Kg7 22.Nb4 Rh8
23.Rfd1 Be5 24.Nd4 Bxd4 25.exd4 h4 26.Rb3 Ng5 27.Qd2 Ne6 28.gxh4 Rxh4 29.g3 Rh7
30.Nd3 Bd7 31.Ne5 Rah8 32.Bf3 Nxc5 33.dxc5 Qxe5 34.Re1 Qf6 35.Rbe3 g5 36.bxc6 bxc6
37.Qa5 Kg6 38.Qc3 d4  0-1

[Event "Maharashtra Chess League 2013"]
[Site "Pune IND"]
[Date "2013.04.26"]
[Round "5"]
[White "Vidit,S"]
[Black "Pujari,R"]
[Result "1-0"]
[WhiteElo "2549"]
[BlackElo "2132"]

1.d4 d5 2.c4 e6 3.Nc3 Nf6 4.Nf3 Be7 5.Bf4 O-O 6.e3 Nbd7 7.Qc2 c6 8.Bd3 h6
9.h3 dxc4 10.Bxc4 b5 11.Be2 a6 12.e4 Bb7 13.e5 Nd5 14.Nxd5 cxd5 15.O-O Qb6
16.Qd2 Rfc8 17.Bd3 Bf8 18.Rad1 b4 19.Bb1 Qb5 20.Nh2 Nb6 21.Ng4 Nc4 22.Qd3 g6
23.Bxh6 Bxh6 24.Nxh6+ Kg7 25.Ng4 Qe8 26.b3 Na3 27.Qd2 Qh8 28.Qxb4 Nxb1  1-0

[Event "Renova FIDE GP Zug"]
[Site "Zug SUI"]
[Date "2013.04.26"]
[Round "8.1"]
[White "Kasimdzhanov,R"]
[Black "Radjabov,T"]
[Result "1/2-1/2"]
[WhiteElo "2709"]
[BlackElo "2793"]

1.d4 Nf6 2.c4 e6 3.Nf3 d5 4.Nc3 Be7 5.Bf4 O-O 6.e3 Nbd7 7.a3 c5 8.cxd5 Nxd5
9.Nxd5 exd5 10.dxc5 Nxc5 11.Be2 Bf6 12.Be5 Bxe5 13.Nxe5 Re8 14.Nf3 Qb6 15.Rc1 Ne6
16.Qd2 Rd8 17.Nd4 Bd7 18.Nxe6 Bxe6 19.Qd4 Qxd4 20.exd4 Rac8 21.Kd2 Kf8 22.Bd3 Ke7
23.h4 h6 24.g3 Rxc1 25.Rxc1 Rc8 26.Rxc8 Bxc8 27.Ke3 g5 28.hxg5 hxg5 29.Bc2 Bd7
30.Bd3 Bc8 31.Bc2 Bd7 32.Bd3 Bc8  1/2-1/2

[Event "48th Capablanca Open I 2013"]
[Site "Havana CUB"]
[Date "2013.04.27"]
[Round "6.35"]
[White "Ragolta Franco,E"]
[Black "Romero Echeverria,A"]
[Result "1-0"]
[WhiteElo "2301"]
[BlackElo "2112"]

1.d4 d5 2.Nf3 e6 3.c4 Be7 4.Nc3 Nf6 5.Bf4 O-O 6.e3 b6 7.Rc1 c5 8.dxc5 bxc5
9.Be2 Nc6 10.O-O Bb7 11.cxd5 exd5 12.Qb3 Nb4 13.a3 c4 14.Qd1 Na6 15.Qc2 Nc5
16.Rfd1 Qa5 17.Nd4 Ne6 18.Nf5 Bc5 19.Be5 Nd7 20.Bg3 Nb6 21.Nd6 Bc6 22.Bf3 Rad8
23.Nf5 g6 24.Nh6+ Kg7 25.Ng4 f6 26.h4 Ba8 27.Ne2 Qa4 28.Qb1 h5 29.Nh2 d4
30.Bxa8 Nxa8 31.exd4 Nxd4 32.Nf4 Qe8 33.Re1 Qf7 34.Nf3 Nxf3+ 35.gxf3 Rfe8
36.Re4 Nb6 37.Rce1 Rxe4 38.Qxe4 Kh6 39.Ne6 Rd5 40.Qf4+ Kh7 41.Ng5+ Rxg5 42.hxg5 Kg7
43.gxf6+ Kh7 44.Qc7 Qxc7 45.Bxc7 Kg8 46.Bxb6 axb6 47.Rc1 Bd4 48.Rxc4 Bxb2
49.a4 Be5 50.f4 Bxf6 51.Rc6 Bd4 52.Rd6 Bc5 53.Rxg6+ Kf7 54.f5 h4 55.Kg2  1-0

[Event "48th Capablanca Open II 2013"]
[Site "Havana CUB"]
[Date "2013.04.28"]
[Round "7.37"]
[White "Reyes Perez,Guillermo Santiago"]
[Black "Armas Alfonso,G"]
[Result "1-0"]
[WhiteElo "1982"]
[BlackElo "2093"]

1.d4 d5 2.c4 e6 3.Nc3 Nf6 4.Nf3 Be7 5.Bf4 Nbd7 6.e3 O-O 7.Rc1 c5 8.cxd5 exd5
9.Be2 a6 10.dxc5 Nxc5 11.O-O b5 12.Nd4 Qb6 13.b4 Ne6 14.Be5 Bb7 15.Nf5 Qd8
16.Nxe7+ Qxe7 17.Qb3 Rfd8 18.Rfd1 Rd7 19.Bd4 Nxd4 20.Rxd4 Qe5 21.a4 Rc8 22.axb5 axb5
23.Rcd1 Bc6 24.Bxb5 Bxb5 25.Nxb5 h5 26.g3 Ne4 27.Rxd5 Rxd5 28.Qxd5 Qxd5 29.Rxd5 Rc1+
30.Kg2 Rc2 31.Rf5 g6 32.Rf4 f5 33.Nd4 Rb2 34.h3 Rxb4 35.g4 hxg4 36.hxg4 Nd6
37.gxf5 gxf5 38.Rf3 Kf7 39.Nxf5 Nxf5 40.Rxf5+ Ke6 41.Ra5 Rc4 42.Kf3 Rc8 43.e4 Rf8+
44.Ke3 Rb8 45.Ra6+ Ke7 46.f4 Rb3+ 47.Kd4 Rb4+ 48.Kd5 Rb5+ 49.Kc4 Rb1 50.f5 Rd1
51.e5 Rc1+ 52.Kb5 Rb1+ 53.Kc6 Rc1+ 54.Kb7 Re1 55.Re6+ Kd7 56.Rd6+ Ke7 57.f6+ Kf7
58.Rd7+ Kf8 59.Re7 Rd1 60.Kc6 Rd2 61.Rd7 Rc2+ 62.Kd6 Ke8 63.f7+ Kf8 64.e6 Rc8
65.e7+  1-0

[Event "Western Pacific Open 2013"]
[Site "Los Angeles USA"]
[Date "2013.04.28"]
[Round "5"]
[White "Sarkar,J"]
[Black "Wang,Ph"]
[Result "1-0"]
[WhiteElo "2437"]
[BlackElo "2390"]

1.d4 d5 2.c4 e6 3.Nc3 Be7 4.Bf4 Nf6 5.Nf3 O-O 6.Rc1 b6 7.cxd5 Nxd5 8.Nxd5 Qxd5
9.a3 c5 10.dxc5 Qxd1+ 11.Rxd1 Bxc5 12.e3 Bb7 13.Bd3 Nc6 14.Ng5 e5 15.Bg3 h6
16.Ne4 Be7 17.Nc3 Rfd8 18.Be4 f6 19.h4 Rxd1+ 20.Kxd1 Na5 21.Bxb7 Nxb7 22.h5 Kf7
23.Kc2 Ke6 24.Rd1 Rc8 25.f3 Nd6 26.e4 Nb5 27.Rd3 Nxc3 28.Rxc3 Rxc3+ 29.Kxc3 Kd6
30.f4 exf4 31.Bxf4+ Kc6 32.Kd3 Bd8 33.Kd4 Be7 34.e5 f5 35.b4 a6 36.e6 Bd6
37.Be5 Bf8 38.Kc4 b5+ 39.Kd4 a5 40.bxa5 Bxa3 41.a6 Bc5+ 42.Kd3 Kb6 43.Bd4  1-0

[Event "Old Capital Open 2013"]
[Site "Veliko Tarnovo BUL"]
[Date "2013.05.01"]
[Round "1.1"]
[White "Drenchev,P"]
[Black "Tzouvelekis,I"]
[Result "1-0"]
[WhiteElo "2490"]
[BlackElo "1924"]

1.d4 e6 2.c4 Nf6 3.Nf3 d5 4.Nc3 Be7 5.Bf4 c6 6.e3 O-O 7.h3 a6 8.Qc2 dxc4
9.Bxc4 b5 10.Bd3 Bb7 11.Ng5 g6 12.Nge4 Nd5 13.Nxd5 cxd5 14.Nc5 Bc8 15.O-O Nd7
16.a4 e5 17.Bh6 Bxc5 18.dxc5 e4 19.Qc3 f6 20.Bxf8 Qxf8 21.Be2 Ne5 22.f4 Nc4
23.b3 b4 24.Qd4 Nxe3 25.Qxe3 Bb7 26.Qd4 Rc8 27.Rac1  1-0

[Event "Llucmajor Open 2013"]
[Site "Llucmajor ESP"]
[Date "2013.05.03"]
[Round "7.2"]
[White "Savchenko,S"]
[Black "Roy Chowdhury,S"]
[Result "1/2-1/2"]
[WhiteElo "2487"]
[BlackElo "2471"]

1.Nf3 Nf6 2.c4 e6 3.Nc3 d5 4.d4 Be7 5.Bf4 O-O 6.e3 Nbd7 7.a3 c5 8.cxd5 Nxd5
9.Nxd5 exd5 10.dxc5 Nxc5 11.Be2 Bg4 12.Be5 Ne6 13.O-O Bf6 14.Bxf6 Qxf6 15.h3 Bxf3  1/2-1/2

[Event "4NCL 2012-13"]
[Site "Hinckley ENG"]
[Date "2013.05.06"]
[Round "11.176"]
[White "Duncan,C"]
[Black "Murphy,Hugh W"]
[Result "1/2-1/2"]
[WhiteElo "2294"]
[BlackElo "2152"]

1.Nf3 d5 2.d4 Nf6 3.c4 e6 4.Nc3 Be7 5.Bf4 O-O 6.e3 b6 7.cxd5 Nxd5 8.Bg3 Bb7
9.Bd3 c5 10.O-O cxd4 11.exd4 Nd7 12.a3 Rc8 13.Nb5 a6 14.Nd6 Bxd6 15.Bxd6 Re8
16.Qe2 Nf8 17.Bg3 Ng6 18.Qd2 Qf6 19.Ne5 Ndf4 20.Bxg6 Nxg6 21.Rac1 Nxe5 22.Bxe5  1/2-1/2

[Event "14th Euro Indiv 2013"]
[Site "Legnica POL"]
[Date "2013.05.06"]
[Round "2.36"]
[White "Nyzhnyk,I"]
[Black "Gordon,S"]
[Result "0-1"]
[WhiteElo "2635"]
[BlackElo "2527"]

1.d4 Nf6 2.c4 e6 3.Nf3 d5 4.Nc3 Be7 5.Bf4 O-O 6.Rc1 c5 7.dxc5 dxc4 8.Bd6 Bxd6
9.Qxd6 Qa5 10.Nd2 Qb4 11.Rb1 b5 12.e3 Bb7 13.Qc7 Bc6 14.Be2 Qxc5 15.Bf3 a6
16.O-O Ra7 17.Qg3 Rd7 18.Rfd1 Rfd8 19.Nde4 Bxe4 20.Nxe4 Nxe4 21.Rxd7 Nxd7
22.Bxe4 Nf6 23.Bf3 g6 24.h4 Rd2 25.Rd1 Rxd1+ 26.Bxd1 Qb4  0-1

[Event "14th Euro Indiv 2013"]
[Site "Legnica POL"]
[Date "2013.05.06"]
[Round "2.42"]
[White "Lenic,L"]
[Black "Mastrovasilis,A"]
[Result "1-0"]
[WhiteElo "2621"]
[BlackElo "2514"]

1.d4 Nf6 2.c4 e6 3.Nf3 d5 4.Nc3 Be7 5.Bf4 O-O 6.e3 Nbd7 7.c5 Ne4 8.Bd3 g5
9.Bg3 f5 10.Ne2 c6 11.b4 b6 12.O-O Nxg3 13.hxg3 bxc5 14.bxc5 Qa5 15.Nc1 Rf7
16.Rb1 h5 17.Be2 Qc7 18.Nd3 Bf6 19.Qa4 Rh7 20.Nb4 Nb8 21.Nd3 Nd7 22.Nfe5 Bxe5
23.Nxe5 Nxe5 24.dxe5 Bd7 25.f4 Be8 26.Ba6 Rb8 27.Rxb8 Qxb8 28.Qb3 Qxb3 29.axb3 Rc7
30.Ra1 Kf7 31.Ra4 g4 32.Rb4 Ke7 33.Kf2 Rd7 34.Ke2 Rd8 35.Kd3 Bd7 36.Rb7 Ra8
37.Kc3 Kd8 38.b4 Ke8 39.Kb3 Kd8 40.Ka4 Bc8 41.Rh7 Rb8 42.Bd3 Rb7 43.Rh8+ Kc7
44.Ka5 Bd7 45.Ba6 Rb8 46.Rxh5 Kd8 47.Rh6 Kc7 48.Bd3 Kd8 49.Rh7 Kc8 50.Ba6+ Kc7
51.Ka4 Kd8 52.Ka3 Kc7 53.Kb3 Kd8 54.Kc3 Kc7 55.e4 dxe4 56.Bc4 Kd8 57.Rh8+ Kc7
58.Rh6 Re8 59.Rh7 Kd8 60.Ba6 Re7 61.Rh8+ Re8 62.Rh1 Kc7 63.Rh7 Kd8 64.Bb7 Re7
65.Rxe7 Kxe7 66.b5 Kd8 67.b6 axb6 68.cxb6 c5 69.Ba6 Bc6 70.Kc4 e3 71.Kxc5 Bb7
72.Bd3 Be4 73.Ba6 Bb7 74.Bb5 Bxg2 75.Kd4 Kc8 76.Kxe3 Kb7 77.Bc4 Kxb6 78.Bxe6 Be4
79.Kd4 Kc6 80.Bc4 Bb1 81.Bd3 Bxd3 82.Kxd3 Kd5 83.Kc3 Kc5 84.Kb3 Kb5 85.Ka3 Kc5
86.Ka4 Kc6 87.Kb4 Kb6 88.Kc4 Kc6 89.Kd4  1-0

[Event "Tschaturanga Open 2013"]
[Site "Vienna AUT"]
[Date "2013.05.06"]
[Round "1.7"]
[White "Beckhuis,G"]
[Black "Wu,Min"]
[Result "1-0"]
[WhiteElo "2294"]
[BlackElo "1798"]

1.Nf3 d5 2.d4 Nf6 3.c4 e6 4.Nc3 Be7 5.Bf4 O-O 6.e3 Nbd7 7.cxd5 exd5 8.Bd3 c6
9.Qc2 Re8 10.O-O Nf8 11.h3 Ng6 12.Bh2 Bd6 13.Bxd6 Qxd6 14.Rab1 a5 15.Rfc1 Be6
16.Na4 Nd7 17.Nc5 Nxc5 18.Qxc5 Qd7 19.Qc2 Nf8 20.Ne5 Qe7 21.a3 g6 22.b4 axb4
23.axb4 Nd7 24.Nxd7 Bxd7 25.b5 Ra3 26.bxc6 bxc6 27.Rb3 Rea8 28.Rxa3 Qxa3
29.Be2 Bf5 30.Qxc6 Rc8 31.Qxc8+ Bxc8 32.Rxc8+ Kg7 33.g3 Qe7 34.Kg2 h5 35.Rc5 h4
36.g4 f5 37.Rxd5 f4 38.Re5 Qf6 39.e4 Qd6 40.Rd5 Qc6 41.Bf3 Kf7 42.e5 Qa4
43.Rd6 Qa1 44.Rf6+ Ke7 45.Rxf4 Qc3 46.d5  1-0

[Event "14th Euro Indiv 2013"]
[Site "Legnica POL"]
[Date "2013.05.07"]
[Round "3.72"]
[White "Kempinski,R"]
[Black "Rzayev,B"]
[Result "1/2-1/2"]
[WhiteElo "2580"]
[BlackElo "2411"]

1.d4 d5 2.c4 e6 3.Nf3 Nf6 4.Nc3 Be7 5.Bf4 O-O 6.e3 b6 7.Rc1 c5 8.cxd5 Nxd5
9.Nxd5 exd5 10.Be2 c4 11.O-O Nc6 12.Ne5 Nxe5 13.Bxe5 Bf5 14.Bg4 Bd3 15.Be2 Bf5
16.Bg4 Bd3 17.Be2 Bf5 18.Bg4 Bd3  1/2-1/2

[Event "31st Liechtenstein Open 2013"]
[Site "Triesen LIE"]
[Date "2013.05.07"]
[Round "5.1"]
[White "Malakhatko,V"]
[Black "Izsak,Gyu"]
[Result "1-0"]
[WhiteElo "2552"]
[BlackElo "2445"]

1.d4 d5 2.c4 e6 3.Nf3 Nf6 4.Nc3 Be7 5.Bf4 c6 6.e3 Nbd7 7.h3 O-O 8.Rc1 Ne4
9.Bd3 Nxc3 10.bxc3 b6 11.O-O Bb7 12.Qe2 a6 13.cxd5 cxd5 14.a4 Nf6 15.Ra1 Bd6
16.Be5 Ne8 17.Rfb1 f6 18.Bxd6 Nxd6 19.Rb3 Rf7 20.Rab1 Nc8 21.Qc2 g6 22.Nd2 Bc6
23.Ra3 Rc7 24.Qa2 Kg7 25.c4 dxc4 26.Bxc4 Bd5 27.Bxd5 Qxd5 28.Qb2 Qc6 29.Qa1 Raa7
30.e4 Nd6 31.e5 fxe5 32.dxe5 Nf7 33.Nf3 Rab7 34.Rab3 Kg8 35.Nd4 Qe8 36.Rxb6 Rxb6
37.Rxb6 Rc4 38.Nxe6 Rxa4 39.Qc3 h5 40.Qc7 Ra1+ 41.Kh2  1-0

[Event "HC Andersen Open 2013"]
[Site "Odense DEN"]
[Date "2013.05.08"]
[Round "1.4"]
[White "Nikolov,Mo"]
[Black "Konstantinov,Ma"]
[Result "1-0"]
[WhiteElo "2532"]
[BlackElo "1990"]

1.d4 d5 2.Nf3 Nf6 3.c4 e6 4.Nc3 Be7 5.Bf4 a6 6.e3 O-O 7.cxd5 exd5 8.Bd3 Re8
9.Qc2 c6 10.h3 Nbd7 11.O-O Nf8 12.Bg3 Nh5 13.Bh2 Bd6 14.Ne5 Ng6 15.f4 Nf6
16.Rae1 c5 17.g4 c4 18.Be2 Bb4 19.Bf3 Ne4 20.f5 Nxe5 21.dxe5 Nc5 22.Rd1 Bxc3
23.Rxd5 Qh4 24.Rxc5 Be1 25.Kg2 Bd7 26.Qd1 Bb4 27.Rxc4 Bb5 28.Rxb4 Bxf1+ 29.Qxf1  1-0

[Event "Tschaturanga Open 2013"]
[Site "Vienna AUT"]
[Date "2013.05.08"]
[Round "3.14"]
[White "Linnert,Peter"]
[Black "Wu,Min"]
[Result "1/2-1/2"]
[WhiteElo "2042"]
[BlackElo "1798"]

1.c4 e6 2.Nc3 d5 3.d4 Be7 4.Nf3 Nf6 5.Bf4 O-O 6.e3 Nbd7 7.Bd3 dxc4 8.Bxc4 c5
9.O-O Nb6 10.Bb3 Bd7 11.Ne5 Rc8 12.dxc5 Bxc5 13.Qf3 Bc6 14.Qh3 Nfd5 15.Nxd5 Nxd5
16.Bg3 Bd6 17.Rfd1 Qc7 18.Nxc6 Bxg3 19.Nxa7 Rcd8 20.Qxg3 Qa5 21.e4 Nb6 22.Qc7 Rxd1+
23.Rxd1 Qxa7 24.h3 g6 25.Rd6 Na8 26.Qc3 Qb8 27.Qd2 b5 28.Qd4 Nc7 29.Rd7 Ne8
30.g3 h5 31.e5 Ng7 32.Qd6 Qa8 33.Qc7 Qf3 34.Qb7 Qf5 35.Qxb5 Qxh3 36.Qf1 Qf5
37.Qe2 Qg5 38.Qe3 Qf5 39.Rd1 h4 40.Qf4 hxg3 41.fxg3 Qh3 42.Rd2 Nh5 43.Qh4 Qxg3+
44.Qxg3 Nxg3 45.Bc2 Rb8 46.Kf2 Nh5 47.Bd1 Ng7 48.Bg4 Kf8 49.a3 Rb5 50.Re2 Ke7
51.b4 Nf5 52.Bxf5 exf5 53.Kf3 g5 54.Rg2 f6 55.exf6+ Kxf6 56.Rc2 Ke5 57.Rc4 Rd5
58.a4 g4+ 59.Kf2 f4 60.a5 Rd2+ 61.Ke1 Ra2 62.b5 Rxa5 63.Rb4 Ra7 64.b6 Rb7
65.Kf2 Kf5 66.Kg2 Kg5 67.Rb1 Kh4 68.Rh1+ Kg5 69.Rb1 Kf5 70.Rb4 Kg5 71.Rb1 Kf6
72.Rb5 Ke6 73.Rg5 Rf7  1/2-1/2

[Event "14th Euro Indiv 2013"]
[Site "Legnica POL"]
[Date "2013.05.09"]
[Round "5.122"]
[White "Pavlidis,Ana"]
[Black "Cherednichenko,E"]
[Result "1-0"]
[WhiteElo "2360"]
[BlackElo "2168"]

1.d4 d5 2.c4 e6 3.Nc3 Be7 4.Nf3 Nf6 5.Bf4 O-O 6.e3 b6 7.Bd3 Bb7 8.O-O Nbd7
9.Qe2 a6 10.Rac1 Nh5 11.cxd5 Nxf4 12.exf4 exd5 13.Qc2 Nf6 14.Ne5 c5 15.dxc5 bxc5
16.Rfd1 Qa5 17.Na4 Rac8 18.Bf5 Rc7 19.Rd3 Bc8 20.Bxc8 Rfxc8 21.g4 c4 22.Rdd1 Ne4
23.Nc3 Nxc3 24.bxc3 Bd6 25.Rd4 Bc5 26.Rd2 f6 27.Nf3 g6 28.Rcd1 Rd7 29.Kg2 Qc7
30.Rxd5 Rxd5 31.Rxd5 Qxf4 32.h3 Ba7 33.Qe2 Kf8 34.Rd7 Re8 35.Qb2 Bc5 36.Rxh7 Be7
37.Qb7 f5 38.Qd5  1-0

[Event "14th Euro Indiv 2013"]
[Site "Legnica POL"]
[Date "2013.05.09"]
[Round "5.69"]
[White "Kuljasevic,D"]
[Black "Rzayev,B"]
[Result "1/2-1/2"]
[WhiteElo "2578"]
[BlackElo "2411"]

1.d4 d5 2.c4 e6 3.Nc3 Nf6 4.Nf3 Be7 5.Bf4 O-O 6.e3 b6 7.Rc1 c5 8.dxc5 bxc5
9.Be2 Nc6 10.Ne5 Nxe5 11.Bxe5 Bd6 12.Bxf6 Qxf6 13.cxd5 exd5 14.O-O d4 15.Ne4 Qe5
16.Nxd6 Qxd6 17.Qc2 Bb7 18.Bd3 dxe3 19.fxe3 g6 20.Bc4 Rae8 21.Rcd1 Qe7 22.Qc3 Qg5
23.Rf2 Rxe3 24.Qd2 Kg7 25.b4 f5 26.bxc5 Bc6 27.Qd6 Qf6 28.Re2 f4 29.Qxf6+ Rxf6
30.Rxe3 fxe3 31.Re1 Rf5 32.Rxe3 Rxc5 33.Bb3 a5 34.Re7+ Kf6 35.Rc7 Ke5 36.g3 h5
37.Kf2 Kd4 38.Rf7 g5 39.h4 g4 40.Rf4+ Kd3 41.Rf6 a4 42.Rd6+ Ke4 43.Bf7 Rf5+
44.Kg2 Rxf7 45.Rxc6 Rd7 46.Re6+ Kf5 47.Re2 Rd3 48.Kf2 Rf3+ 49.Kg2 a3 50.Rf2 Rxf2+
51.Kxf2 Kf6 52.Ke2 Ke6 53.Kd2 Kd6 54.Kc2 Ke5 55.Kd3 Kd5 56.Ke3 Kc4 57.Ke4 Kc3
58.Ke3 Kb2 59.Kd2 Kxa2 60.Kc2  1/2-1/2

[Event "14th Euro Indiv 2013"]
[Site "Legnica POL"]
[Date "2013.05.09"]
[Round "5.16"]
[White "Ragger,M"]
[Black "Kravtsiv,M"]
[Result "1/2-1/2"]
[WhiteElo "2666"]
[BlackElo "2595"]

1.d4 Nf6 2.c4 e6 3.Nf3 d5 4.Nc3 Be7 5.Bf4 O-O 6.e3 Nbd7 7.c5 c6 8.Bd3 b6
9.b4 a5 10.a3 Nh5 11.O-O Nxf4 12.exf4 Qc7 13.g3 Ba6 14.Bxa6 Rxa6 15.Qe2 Raa8
16.Ra2 Bf6 17.Qc2 axb4 18.axb4 Rxa2 19.Nxa2 Ra8 20.Rb1 g6 21.Kg2 Ra3 22.Rb3 Qa7
23.Rxa3 Qxa3 24.b5 Qa8 25.bxc6 Qxc6 26.Nb4 Qc7 27.c6 Nb8 28.Ne5 Be7 29.Ned3 Kg7
30.Qa4 Bd6 31.h4 h5 32.Kf1 Kf6 33.Ke2 Ke7 34.Kd1 f6 35.Kd2 Bxb4+ 36.Nxb4 Kd6
37.Qa3 Qd8 38.Qa8 Qc7 39.Qa3 Qd8 40.c7 Kxc7 41.Qa7+ Kd6 42.Qf7 b5 43.Qb7 Qc7
44.Qxb5 Nd7 45.Nd3 Qc4 46.Qb2 Ke7 47.Qa3+ Kf7 48.Qa7 Ke8 49.Qa8+ Ke7 50.Qa3+ Kf7
51.Ke3 Qc7 52.Qa8 Qc3 53.Qd8 Nf8 54.Qd6 Qb3 55.Qc7+ Ke8 56.Ke2 Qa2+ 57.Kf3 Qa3
58.Ke2 Qa2+ 59.Ke3 Qa3 60.Qc8+ Kf7 61.Qb7+ Qe7 62.Qa6 Nd7 63.Qc6 Nb8 64.Qa8 Nd7
65.Qc6 Nb8 66.Qb5 Qc7 67.Nb4 Nd7 68.Nc6 Nb6 69.Kf3 Nc4 70.Qc5 Ke8 71.Qb5 Kf7
72.Qa4 Qd7 73.Kg2 Kg7 74.Qa6 Nd6 75.Na5 Nf5 76.Nb3 Qe7 77.Qa4 Kf7 78.Qb5 Qc7
79.Qa4 Qe7  1/2-1/2

[Event "14th Euro Indiv 2013"]
[Site "Legnica POL"]
[Date "2013.05.10"]
[Round "6.27"]
[White "Lysyj,I"]
[Black "Mirzoev,A"]
[Result "1-0"]
[WhiteElo "2641"]
[BlackElo "2543"]

1.d4 d5 2.c4 e6 3.Nf3 Nf6 4.Nc3 Be7 5.Bf4 O-O 6.a3 dxc4 7.e3 Nd5 8.Bxc4 Nxf4
9.exf4 Nd7 10.O-O c5 11.dxc5 Qc7 12.b4 Qxf4 13.Qe2 Bf6 14.Rac1 Rd8 15.Rfd1 Nf8
16.g3 Rxd1+ 17.Rxd1 Qg4 18.Ne4 Bd7 19.b5 Be8 20.Qe3 a6 21.bxa6 bxa6 22.Be2 Qf5
23.Nd6 Qc2 24.Nxe8 Rxe8 25.Rc1 Qa4 26.c6 Rc8 27.c7 Be7 28.Qb6 Qxa3 29.Rc6 Bd6
30.Rxd6 Qc1+ 31.Rd1 Qxc7 32.Qxc7 Rxc7 33.Bxa6 g6 34.Rd8 Kg7 35.Bb5 h6 36.Kg2 Rb7
37.Be8 Nh7 38.Ne5 Nf6 39.Bxf7 Rxf7 40.Nxf7 Kxf7 41.Kf3 g5 42.g4 Kg6 43.Rd6 Kf7
44.Ra6 Nd5 45.h3 Kf6 46.Kg3 Kf7 47.h4 Ne7 48.Ra7 Kf6 49.h5 Kf7 50.Kf3 Kf6
51.Ke4 Nc8 52.Rd7 Ne7 53.f3 Nc8 54.Kd4 Ne7 55.Ke4  1-0

[Event "14th Euro Indiv 2013"]
[Site "Legnica POL"]
[Date "2013.05.13"]
[Round "8.40"]
[White "Potkin,V"]
[Black "Sanikidze,T"]
[Result "1-0"]
[WhiteElo "2666"]
[BlackElo "2549"]

1.c4 e6 2.Nc3 d5 3.d4 Be7 4.Nf3 Nf6 5.Bf4 c5 6.dxc5 Bxc5 7.e3 Nc6 8.a3 O-O
9.cxd5 exd5 10.Be2 a6 11.O-O d4 12.Na4 Ba7 13.exd4 Nxd4 14.Nxd4 Bxd4 15.Rc1 Bf5
16.Bc7 Qd7 17.Nb6 Bxb6 18.Bxb6 Nd5 19.Ba5 b6 20.Bd2 Rfe8 21.Re1 h6 22.Qb3 Re6
23.Bc4 Rxe1+ 24.Rxe1 Nf6 25.Bb4 b5 26.Bf1 Re8 27.Rd1 Qc7 28.Qc3 Qf4 29.Qg3 Nh5
30.Qxf4 Nxf4 31.f3 Rc8 32.Bc3 Rc6 33.Kf2 Be6 34.Rd8+ Kh7 35.g3 Nd5 36.Bd3+ f5
37.Bxf5+ Bxf5 38.Rxd5 Be6 39.Rd8 g5 40.g4 Kg6 41.Kg3 h5 42.h3 hxg4 43.hxg4 Bc4
44.Rd7 Re6 45.Rg7+ Kh6 46.Rc7 Kg6 47.a4 Bf1 48.Kf2 Bd3 49.Rd7 Bc4 50.a5 Re2+
51.Kg3 Re6 52.Rg7+ Kh6 53.Rd7 Kg6 54.b4 Rc6 55.Bd4 Be6 56.Rg7+ Kh6 57.f4 gxf4+
58.Kh4  1-0

[Event "14th Euro Indiv 2013"]
[Site "Legnica POL"]
[Date "2013.05.14"]
[Round "9.36"]
[White "Miton,K"]
[Black "Arizmendi Martinez,J"]
[Result "1/2-1/2"]
[WhiteElo "2624"]
[BlackElo "2571"]

1.d4 Nf6 2.c4 e6 3.Nf3 d5 4.Nc3 Be7 5.Bf4 O-O 6.Rc1 b6 7.e3 c5 8.cxd5 Nxd5
9.Nxd5 exd5 10.Be2 c4 11.O-O Nc6 12.e4 b5 13.exd5 Nb4 14.d6 Bxd6 15.Bxd6 Qxd6
16.a3 Nd5 17.Re1 Bb7 18.Bf1 a6 19.Ng5 Nf6 20.a4 Qb4 21.Qc2 h6 22.Nh3 Rad8
23.axb5 axb5 24.Qc3 Qd6 25.b3 Ng4 26.Qg3 Qxg3 27.hxg3 cxb3 28.Rb1 Bd5 29.Bxb5 Rb8
30.Be2 Nf6 31.Nf4 Rfe8 32.Rb2 g5 33.Nxd5 Nxd5 34.Rc1 Rb4 35.Bf3 Rd8 36.Bxd5 Rxd5
37.Rcb1 Rdxd4 38.Rxb3 Rxb3 39.Rxb3 Rd1+ 40.Kh2 Kg7  1/2-1/2

[Event "10th Orlova Open"]
[Site "Orlova CZE"]
[Date "2013.05.14"]
[Round "2.3"]
[White "Zabystrzan,P"]
[Black "Kostka,Vit"]
[Result "1/2-1/2"]
[WhiteElo "2319"]
[BlackElo "1894"]

1.Nf3 Nf6 2.c4 e6 3.d4 d5 4.Nc3 Be7 5.Bf4 O-O 6.e3 c5 7.Be2 b6 8.O-O Bb7
9.Ne5 dxc4 10.dxc5 Bxc5 11.Bxc4 Nc6 12.Qe2 Qc8 13.Nf3 h6 14.Rfd1 Rd8 15.h3 Ne7
16.Rac1 Ng6 17.Bh2 Rxd1+ 18.Rxd1 Qf8 19.Bd3 Ne7 20.a3 Ned5 21.Nb5 a6 22.Nc7 Nxc7
23.Bxc7 Nd5 24.Bg3 b5 25.Bb1 Rc8 26.Be5 Qe7 27.Qd3 g6 28.Rc1 Rd8 29.Qe2 Bd6
30.Bxd6 Qxd6 31.Qd2 Nf6 32.Rd1 Qxd2 33.Rxd2 Rxd2 34.Nxd2 Kf8 35.f3 Ke7 36.Kf2 Kd6
37.Ke2 Nd7 38.b4 Nf6 39.Kd3 Nd7 40.h4 Ne5+ 41.Kd4 Nc6+ 42.Kc3 Ne7 43.Nb3 Bc6
44.Nd4 Bb7 45.Bd3 Nd5+ 46.Kd2 Nf6 47.e4 e5 48.Nb3 Nd7 49.Ke3 f6 50.Bb1 Bc6
51.Ba2 Ba8 52.Nc1 Nf8 53.Ne2 Bc6 54.Ng3 Bd7 55.Bd5 f5 56.Ne2  1/2-1/2

[Event "14th Euro Indiv 2013"]
[Site "Legnica POL"]
[Date "2013.05.16"]
[Round "11.56"]
[White "Kempinski,R"]
[Black "Neverov,V"]
[Result "1-0"]
[WhiteElo "2580"]
[BlackElo "2489"]

1.Nf3 Nf6 2.c4 e6 3.Nc3 d5 4.d4 Be7 5.Bf4 O-O 6.e3 Nbd7 7.c5 Nh5 8.Bd3 Nxf4
9.exf4 b6 10.b4 a5 11.a3 c6 12.O-O Qc7 13.g3 Ba6 14.Bxa6 Rxa6 15.Qe2 Ra7
16.f5 axb4 17.axb4 Rxa1 18.Rxa1 e5 19.dxe5 bxc5 20.bxc5 Bxc5 21.Na4 Re8 22.Nxc5 Nxc5
23.Nd4 Ne4 24.e6 c5 25.Qb5 Rf8 26.Nc6 fxe6 27.Ra7 Qd6 28.Qb7 Qc7 29.Qb5  1-0